Разработка мероприятий по снижению выбросов на разрезе "Камышанский" Кемеровской области; Энергетика: экология, надежность, безопасность; Т. 1

Detalles Bibliográficos
Parent link:Энергетика: экология, надежность, безопасность: материалы докладов девятой всероссийской научно-технической конференции, Томск, 3-5 декабря 2003 г./ Томский политехнический университет.— , 2003
Т. 1.— 2003.— С. 217-219
Autor principal: Петрушкевич Ю. С.
Otros Autores: Молодежникова Л. И.
Lenguaje:ruso
Publicado: 2003
Materias:
Formato: MixedMaterials Capítulo de libro
KOHA link:https://koha.lib.tpu.ru/cgi-bin/koha/opac-detail.pl?biblionumber=100937

MARC

LEADER 00000naa2a2200000 4500
001 100937
005 20231031112333.0
035 |a (RuTPU)RU\TPU\book\108644 
090 |a 100937 
100 |a 20060829d2003 k y0rusy50 ca 
101 0 |a rus 
102 |a RU 
200 1 |a Разработка мероприятий по снижению выбросов на разрезе "Камышанский" Кемеровской области  |f Ю. С. Петрушкевич, Л. И. Молодежникова 
461 1 |0 (RuTPU)RU\TPU\book\63040  |t Энергетика: экология, надежность, безопасность  |o материалы докладов девятой всероссийской научно-технической конференции, Томск, 3-5 декабря 2003 г.  |o в 2 т.  |f Томский политехнический университет  |d 2003 
463 1 |0 (RuTPU)RU\TPU\book\62597  |t Т. 1  |v С. 217-219  |d 2003  |p 256 с. 
610 1 |a выбросы 
610 1 |a Камышанский 
610 1 |a Кемеровская область 
610 1 |a труды учёных ТПУ 
610 1 |a уголь 
610 1 |a добыча 
700 1 |a Петрушкевич  |b Ю. С. 
701 1 |a Молодежникова  |b Л. И. 
801 1 |a RU  |b 63413507  |c 20060829  |g PSBO 
801 2 |a RU  |b 63413507  |c 20130611  |g PSBO 
942 |c BK